Visualizzazione normale
Vista MARC
- Foster David
di Personal Name
Records bibliografici associati: 1
001 - CONTROL NUMBER
- control field: 23116
003 - CONTROL NUMBER IDENTIFIER
- control field: IT-RoPau
005 - DATE AND TIME OF LATEST TRANSACTION
- control field: 20140430145610.0
008 - FIXED-LENGTH DATA ELEMENTS
- fixed length control field: 140430|| aca||aabn | a|a d
040 ## - CATALOGING SOURCE
- Original cataloging agency: IT-RoPau
- Transcribing agency: IT-RoPau
100 ## - HEADING--PERSONAL NAME
- Personal name: Foster David
- Miscellaneous information: Codice autore SPICS: 21699
- Relator term: Autore
- Name of part/section of a work: Step By Step
670 ## - SOURCE DATA FOUND
- Source citation: Work cat.: (IT-RoPau)99630: AA.VV. 794, Who's That Girl (Original Motion Picture Soundtrack Lp 92 5611)